| 000 -LEADER |
| fixed length control field |
00515nam a2200169 4500 |
| 008 - FIXED-LENGTH DATA ELEMENTS--GENERAL INFORMATION |
| fixed length control field |
210129b ||||| |||| 00| 0 eng d |
| 041 ## - LANGUAGE CODE |
| Language code of text/sound track or separate title |
hin |
| 082 00 - DEWEY DECIMAL CLASSIFICATION NUMBER |
| Classification number |
891.43 |
| Item number |
V522 |
| 100 ## - MAIN ENTRY--PERSONAL NAME |
| 9 (RLIN) |
4519 |
| Personal name |
Verma, Surendra |
| 245 10 - TITLE STATEMENT |
| Title |
Mujhe chand chahiye / |
|
| Title |
मुझे चाँद चाहिए / |
| 260 ## - PUBLICATION, DISTRIBUTION, ETC. (IMPRINT) |
| Place of publication, distribution, etc |
[s.l.] |
| Name of publisher, distributor, etc |
Radhakrishna Prakashan |
| Date of publication, distribution, etc |
? |
| 300 ## - PHYSICAL DESCRIPTION |
| Extent |
. |
| 365 ## - TRADE PRICE |
| Price type code |
Rs |
| Price amount |
250.00 |
| Unit of pricing |
Rs.250.00 |
| 650 #0 - SUBJECT ADDED ENTRY--TOPICAL TERM |
| Topical term or geographic name as entry element |
Hindi fiction |
| 942 ## - ADDED ENTRY ELEMENTS (KOHA) |
| Source of classification or shelving scheme |
|
| Item type |
Books |